Návrh riešenia pokračovania ergonomického programu vo vybraných prevádzkach spoločnosti Západoslovenská energetika, a.s.

Salvato in:
Dettagli Bibliografici
Autore principale: Brinzová, Eliška, 1988- (Autore)
Altri autori: Hatiar, Karol, 1949- (Relatore della tesi)
Natura: Manoscritto Libro
Lingua:slovacco
Pubblicazione: Trnava : STU v Bratislave MTF UPMK, 2013
Soggetti:
Accesso online:VAIS
Tags: Aggiungi Tag
Nessun Tag, puoi essere il primo ad aggiungerne!!

MARC

LEADER 00000ntm a22000003a 4500
001 stu268136
005 20160719160714.6
008 130612s2013----xo------------------slo-d
040 |a STU  |b slo 
041 0 |a slo 
044 |a xo 
100 1 |a Brinzová, Eliška,  |d 1988-  |4 aut  |X 48241  |7 A000048241 
242 0 0 |a Proposal of continuous solution of ergonomic programm in chosen workshops of company Západoslovenská energetika, a. s.   |y eng 
245 1 |a Návrh riešenia pokračovania ergonomického programu vo vybraných prevádzkach spoločnosti Západoslovenská energetika, a.s. 
260 |a Trnava :  |b STU v Bratislave MTF UPMK,  |c 2013 
650 7 |a priemyselné manažérstvo  |2 stusub 
650 7 |a Industrial Management  |2 estusub 
650 7 |a ergonomics  |2 estusub 
650 7 |a ergonómia  |2 stusub 
650 7 |a ergonomická analýza  |2 stusub 
700 1 |a Hatiar, Karol,  |d 1949-  |4 ths  |u M4000  |U MTF Materiálovotechnologická fakulta  |T MTF Ústav priemyselného inžinierstva a manažmentu  |X 326  |U M4000  |Y 84  |7 A000000326 
856 4 |a info a plný text  |u http://is.stuba.sk/zp/portal_zp.pl?podrobnosti=80373  |3 VAIS 
996 |c M*DP-11426  |l MMSKP  |s P  |a 0  |w stu268136_0001